000 00739nam a22001457a 4500
020 _a0-860680649
082 _a823
_bATW/S
100 _aATWOOD, MARGARET
245 _aSURFACING
260 _aGREAT BRITAIN
_bVIRAGO PRESS
_c2002
300 _a186
520 _aThe book tells the story of a woman who returns to her hometown in Canada to find her missing father. Accompanied by her lover, Joe, and a married couple, Anna and David, the unnamed protagonist meets her past in her childhood house, recalling events and feelings, while trying to find clues to her father's mysterious disappearance. Little by little, the past overtakes her and drives her into the realm of wildness and madness
650 _aNOVEL
_zUNITED KINGDOM
942 _cBK
999 _c2582
_d2582